Business premises (Record no. 102036)
[ view plain ]
| 000 -LEADER | |
|---|---|
| fixed length control field | 01002cam a2200277 4500 |
| 008 - FIXED-LENGTH DATA ELEMENTS--GENERAL INFORMATION | |
| fixed length control field | #DATE n2005 000 0 eng u |
| 020 ## - INTERNATIONAL STANDARD BOOK NUMBER | |
| International Standard Book Number | 0421764007 |
| 035 ## - SYSTEM CONTROL NUMBER | |
| System control number | (Sirsi) u117626 |
| 041 ## - LANGUAGE CODE | |
| Language code of text/sound track or separate title | eng |
| 050 ## - LIBRARY OF CONGRESS CALL NUMBER | |
| Classification number | 346.4104343 |
| 100 ## - MAIN ENTRY--PERSONAL NAME | |
| Personal name | Webber, Gary |
| 245 ## - TITLE STATEMENT | |
| Title | Business premises |
| Remainder of title | possession and lease renewal |
| 250 ## - EDITION STATEMENT | |
| Edition statement | 3rd ed. |
| 260 ## - PUBLICATION, DISTRIBUTION, ETC. | |
| Place of publication, distribution, etc. | London |
| Name of publisher, distributor, etc. | Sweet and Maxwell |
| Date of publication, distribution, etc. | 2005 |
| 300 ## - PHYSICAL DESCRIPTION | |
| Extent | xlv, 507p. |
| Dimensions | 24cm |
| 350 ## - PRICE (NR) (BK AM CF MU VM SE) [OBSOLETE] | |
| Price | 85 |
| 490 ## - SERIES STATEMENT | |
| Series statement | Sweet and Maxwell Practioner Series |
| 520 ## - SUMMARY, ETC. | |
| Summary, etc. | A guide to the legal and procedural aspects of possession taking into account changes to the Landlord and Tenant Act 1954 Part II. Covers a wide range of areas including termination, non-payment of rent, licences, forfeiture, proceedings for possession and applications for new tenancies. |
| 590 ## - LOCAL NOTE (RLIN) | |
| Local note | RKA |
| 650 ## - SUBJECT ADDED ENTRY--TOPICAL TERM | |
| Topical term or geographic name entry element | FORFEITURE |
| 650 24 - SUBJECT ADDED ENTRY--TOPICAL TERM | |
| Topical term or geographic name entry element | LANDLORD AND TENANT ACT 1954 PART II |
| 650 ## - SUBJECT ADDED ENTRY--TOPICAL TERM | |
| Topical term or geographic name entry element | LEASES |
| 650 ## - SUBJECT ADDED ENTRY--TOPICAL TERM | |
| Topical term or geographic name entry element | TERMINATION |
| 690 ## - LOCAL SUBJECT ADDED ENTRY--TOPICAL TERM (OCLC, RLIN) | |
| Topical term or geographic name as entry element | Landlord and tenant |
| 9 (RLIN) | 6252 |
| 942 ## - ADDED ENTRY ELEMENTS (KOHA) | |
| Suppress in OPAC | 0 |
| Withdrawn status | Lost status | Source of classification or shelving scheme | Damaged status | Not for loan | Home library | Current library | Shelving location | Date acquired | Cost, normal purchase price | Total Checkouts | Full call number | Barcode | Date last seen | Date last checked out | Copy number | Cost, replacement price | Price effective from | Koha item type |
|---|---|---|---|---|---|---|---|---|---|---|---|---|---|---|---|---|---|---|
| Dewey Decimal Classification | London | London | Basement | 02/03/2005 | 85.00 | 31 | BASEMENT 61 | 30062536 | 06/08/2019 | 21/07/2010 | 1 | 85.00 | 06/08/2019 | Book |